Panzer General

Titel: Panzer General [Medienkombination] / [Produzent: Bret Berry...]
Teil: Textheft
Beteiligt:
Veröffentlicht: [München : Hugendubel], [ca. 1996]
Umfang: 68 S. : Ill., Kt.
Format: Buch
Sprache: Deutsch
Schriftenreihe/
mehrbändiges Werk:
Panzer General / [Produzent: Bret Berry...] ; Textheft
alle Bände anzeigen
Kein Bild verfügbar
X
Lokale Klassifikation: 32 14 A
alg: 7205167
001A    $03004:27-04-99 
001B    $01999:19-04-21 $t20:14:34.000 
001C    $03004:27-04-99 $t15:43:38.368 
001D    $09999:99-99-99 
001U    $0utf8 
001X    $00 
002@    $0Afu 
003@    $0072051671 
003O    $0614022046 $aOCoLC 
007A    $0072051671 $aHEB 
007T    $0Herdhh072051566+textheft=Bd. Textheft 
010@    $ager 
011@    $a1996 $n[ca. 1996] 
028C    $7 $8Berry, Bret [Tnx] $9167040561 
033A    $p[München $nHugendubel] 
034D    $a68 S. 
034M    $aIll., Kt. 
036C    $aPanzer General $xtextheft $h[Produzent: Bret Berry...] $lTextheft $nMedienkombination 
036D    $xtextheft $8Panzer General / [Produzent: Bret Berry...] $9072051566 
045F    $a355.009438 $eDDC23BSB 
045F/01 $a355.009 
045F/03 $g438 

lok: 7205167 24
101B    $005-12-02 $t21:17:39.390 
101C    $027-04-99 
145Z/01 $a32 14 A 
101U    $0utf8 

exp: 7205167 24 1 #EPN
201B/01 $013-12-02 $t15:44:15.316 
201C/01 $027-04-99 
203@/01 $013306011X 
208@/01 $a27-04-99 $bz 
209A/01 $aS 16786 $du $f050 $hS 16786 $x00 
209C/01 $a97.1660 G $h97 1660 G 
209G/01 $a70132214 $x00 
247C/01 $8358050-7 Marburg, Bibliothek des Herder-Instituts Marburg $9102600961 
201U/01 $0utf8 

lok: 7205167 78

exp: 7205167 78 1 #EPN
201B/01 $019-04-17 $t16:08:59.000 
201U/01 $0utf8 
203@/01 $0792629450 
208@/01 $a12-11-16 $be 
209A/01 $a/ $f000 $x00 
237A/01 $aweiterführende Signatur(en): Herder-Institut: S 16786 
244Z/01 $2Trx $#Poola $#Lenkija $#Polija $#Polen Land $#Poland $#Lengyelország $#Poľsko $#Polsko $8--Trx--Polska$gkraj $x01 $9391345966 
245Z/01 $a07.06 $x01 
247C/01 $82080>Marburg/Lahn, Herder-Institut, Forschungsbibliothek, Bibliographieportal $9336309341
LEADER 00000cam a2200000 cc4500
001 072051671
003 DE-603
005 20210419201434.0
007 tu
008 990427s1996 xx |||| | u00||u|ger c
035 |a (DE-599)HEB072051671 
035 |a (OCoLC)614022046 
040 |a DE-603  |b ger  |c DE-603  |d DE-603 
041 |a ger 
082 0 4 |8 1\u  |a 355.009438  |q DE-101  |2 23/BSB 
085 |8 1\u  |b 355.009 
085 |8 1\u  |z 2  |s 438 
245 0 0 |a Panzer General  |h [Medienkombination]  |n Textheft  |c [Produzent: Bret Berry...] 
264 1 |a [München  |b Hugendubel]  |c [ca. 1996] 
300 |a 68 S.  |b Ill., Kt. 
700 1 |a Berry, Bret  |0 (DE-603)167040561 
773 0 8 |q textheft  |w (DE-603)072051566 
924 0 |9 Mb 50  |a (DE-603)13306011X  |b DE-Mb50  |c HES  |d c  |g S 16786 
924 0 |9 2080  |a (DE-603)792629450  |b DE-2080  |c HES  |d d  |g /